banner-ar

المؤتمر الاول للشعبة المشتركة لبحوث وادارة الاخطار والتأمينات / (Record no. 50466)

MARC details
000 -الفاتح
حقل البيانات ثابتة الطول 00764nam a2200193Ia 4500
008 - عناصر البيانات ثابتة الطول - معلومات عامة
حقل البيانات ثابتة الطول 140319s9999 xx 000 0 ara d
040 ## - مصدر الفهرسة
وكالة الفهرسة الأصلية GCL /
وكالة النسخ GCL
082 04 - رقم تصنيف ديوى العشرى
رقم التصنيف 368
رقم المادة ا م
100 1# - المدخل الرئيسى - إسم شخصى
الإسم الشخصى اكاديمية البحث العلمى والتكنولوجيا
245 10 - بيان العنوان
العنوان المؤتمر الاول للشعبة المشتركة لبحوث وادارة الاخطار والتأمينات /
بيان المسئوليه,etc اكاديمية البحث العلمى والتكنولوجيا
300 ## - الوصف المادى
التعداد 44 ص
490 ## - بيان السلسلة
عنوان السلسلة الهيئة العامة للاستعلامات
رقم المجلد/ التعيين التسلسلي 0
650 04 - المدخل الاضافى بالموضوع-مصطلح موضوعى
مصطلح موضوعي الخدمة الاجتماعية
650 04 - المدخل الاضافى بالموضوع-مصطلح موضوعى
مصطلح موضوعي التأمين
650 04 - المدخل الاضافى بالموضوع-مصطلح موضوعى
مصطلح موضوعي التأمين الاجتماعى
650 04 - المدخل الاضافى بالموضوع-مصطلح موضوعى
مصطلح موضوعي التشريعات الاجتماعية
942 ## - عناصر المدخل الإضافي( كوها)
مصدر التصنيف او مخطط الترفيف Dewey Decimal Classification
Koha [default] item type كتاب
Holdings
حالة التراجع حالة الفقد حالة تلف ليس للاعارة المكان المؤقت الموقع الحالى تاريخ الاكتساب اجمالي اﻻعارات رقم الطلب الباركود تاريخ اخر مشاهدة تاريخ تفعيل السعر نوع وعاء كوها
        مكتبة القاهرة الكبرى مكتبة القاهرة الكبرى 03/26/2014   368\ا م 121035 03/26/2014 03/26/2014 كتاب

Powered By

EGPV